00970cam a22002417a 4500003000500000005001700005008004100022010001000063011001000073035001000083040000900093100004100102245022000143260004100363300002200404502012300426530003600549650002100585650002100606650002200627856006300649856001600712CHAP20220329142807.0031021s2003 mx r 00010 spa d a87825 a88797 a99342 cCHAP00aCaballero Villalpando, Nancy Yazmin.10aAnálisis de pruebas de degustación del café Teenek, como propuesta para la implementación de un local de distribución, en la región de Texcoco, Estado de Méxicoc/por Nancy Yazmin Caballero Villalpando aChapingo, Méx. :bEl autor,c2003. a82 h. ;bgráfs. aTesis (Lic. en Administración de Empresas Agropecuarias) -- UACH. División de Ciencias Económico Administrativas aTambién disponible en línea14aCaféxCalidad.14aCaféxConsumo.14aCaféxMercadeo. 3Finding aiduhttp://10.13.5.2/tesis/99342.pdfzTeclea aqui a1 n0001095